Fields and fundamental interactions by A I Akhiezer and S V Peletminsky.Tr from Russian by A Shukurov and I Yastrzhembsky (Record no. 1211772)
[ view plain ]
| 000 -LEADER | |
|---|---|
| fixed length control field | 01156nam a2200301Ia 4500 |
| 003 - CONTROL NUMBER IDENTIFIER | |
| control field | OSt |
| 005 - DATE AND TIME OF LATEST TRANSACTION | |
| control field | 20221007123352.0 |
| 008 - FIXED-LENGTH DATA ELEMENTS--GENERAL INFORMATION | |
| fixed length control field | 221006b |||||||| |||| 00| 0 eng d |
| 020 ## - INTERNATIONAL STANDARD BOOK NUMBER | |
| International Standard Book Number | 0415272823 (hbd) |
| 037 ## - SOURCE OF ACQUISITION | |
| Terms of availability | Textual |
| 040 ## - CATALOGING SOURCE | |
| Original cataloging agency | PAPL |
| Transcribing agency | PAPL |
| Language of cataloging | eng |
| 041 ## - LANGUAGE CODE | |
| Source of code | eng |
| Language code of text/sound track or separate title | eng |
| 100 ## - MAIN ENTRY--PERSONAL NAME | |
| Personal name | Akhiezer A I |
| 9 (RLIN) | 717143 |
| 245 #0 - TITLE STATEMENT | |
| Title | Fields and fundamental interactions by A I Akhiezer and S V Peletminsky.Tr from Russian by A Shukurov and I Yastrzhembsky |
| Remainder of title | Peletminsky S V |
| 260 ## - PUBLICATION, DISTRIBUTION, ETC. | |
| Place of publication, distribution, etc. | London |
| Name of publisher, distributor, etc. | Taylor Francis |
| Date of publication, distribution, etc. | 2002 |
| 300 ## - PHYSICAL DESCRIPTION | |
| Extent | ix, 575p |
| Dimensions | cm. |
| 500 ## - GENERAL NOTE | |
| General note | Bibliographical references 567-572p; Index 573-575p; ^n23/CSL/CARPA/2002-2003/525^d2002-12-06^mPurchase; ; 2002-03/604^b2003-01-08^c252^d2003-12-18^eRs.8,344.00^fUnilib Book Distributors; ; 2003-03-31^bSB^c2003-04-17^dRPS |
| 650 ## - SUBJECT ADDED ENTRY--TOPICAL TERM | |
| Topical term or geographic name entry element | Field theory |
| 650 ## - SUBJECT ADDED ENTRY--TOPICAL TERM | |
| Topical term or geographic name entry element | Quantum field theory |
| 650 ## - SUBJECT ADDED ENTRY--TOPICAL TERM | |
| Topical term or geographic name entry element | Physics |
| 700 ## - ADDED ENTRY--PERSONAL NAME | |
| Personal name | Peletminsky S V |
| 9 (RLIN) | 717144 |
| 942 ## - ADDED ENTRY ELEMENTS (KOHA) | |
| Classification part | CN30, P2 |
| Koha item type | Textual |
| Source of classification or shelving scheme | Colon Classification (CC) |
| Withdrawn status | Lost status | Source of classification or shelving scheme | Damaged status | Not for loan | Home library | Current library | Date acquired | Source of acquisition | Total Checkouts | Full call number | Barcode | Date last seen | Price effective from | Koha item type |
|---|---|---|---|---|---|---|---|---|---|---|---|---|---|---|
| Colon Classification (CC) | Department of Physics and Astrophysics Library | Department of Physics and Astrophysics Library | 2022-10-07 | Unilib, | CN30 P2 | PA0005347 | 2022-10-07 | 2022-10-07 | Textual |
